| 000 | 00905cam a2200181 4500 | ||
|---|---|---|---|
| 001 | WB364020 | ||
| 008 | 000000n2000 000 0 eng u | ||
| 035 | _a(Sirsi) u108772 | ||
| 245 | _aUK a global leader in online trading | ||
| 260 | _c2000 | ||
| 490 |
_aDTI News Release _v(P/2000/672) 10 October 2000, (2) |
||
| 520 | _aFigures published in "Business in the Information Age - International Benchmarking Study 2000" report show that 27% of UK business is trading online, making it one of the world's leaders in e-commerce. As part of the plan to get one million SMEs trading online, E-Minister Patricia Hewitt announced a £5.5m Internet Mentoring Initiative to help internet start-ups and established SMEs who want to make the internet the primary means of doing business. | ||
| 590 | _aWB | ||
| 650 | _aE-COMMERCE | ||
| 650 | _aSMES | ||
| 690 | _aINFORMATION TECHNOLOGY-INTERNET | ||
| 942 | _n0 | ||
| 999 |
_c64939 _d64939 |
||